Normal view
MARC view
- Dicamillo Kate
Entry Personal Name
001 - CONTROL NUMBER
- control field: 110176
003 - CONTROL NUMBER IDENTIFIER
- control field: NUST
005 - DATE AND TIME OF LATEST TRANSACTION
- control field: 20230313120008.0
008 - FIXED-LENGTH DATA ELEMENTS
- fixed length control field: 230313|| aca||aabn | a|a d
040 ## - CATALOGING SOURCE
- Original cataloging agency: NUST
- Transcribing agency: NUST
100 ## - HEADING--PERSONAL NAME
- Personal name: Dicamillo Kate
670 ## - SOURCE DATA FOUND
- Source citation: Work cat.: (NUST): Dicamillo Kate, Louisanas Way Home, 2018.
